A plumb pudding for the humane, chaste, valiant, enlightened Peter Porcupine /

Bibliographic Details
Main Author: Carey, Mathew, 1760-1839
Format: Microform Book
Language:English
Subjects:

MARC

Tag First Indicator Second Indicator Subfields
LEADER 00000cam a2200000 a 4500
001 in00000096533
005 20150923174143.0
007 he bm| ba||
008 771214r1799 kyu b 00010 eng d
035 |a (OCoLC)03490090 
035 |9 AAK8661AM 
040 |a DLC  |c RRR  |d RRR  |d m.c.  |d TXA  |d UtOrBLW 
043 |a n-us--- 
049 |a TXAI 
082 0 |a 973.44 
099 |a fiche  |a C  |a 4370 
100 1 |a Carey, Mathew,  |d 1760-1839. 
245 1 2 |a A plumb pudding for the humane, chaste, valiant, enlightened Peter Porcupine /  |c by his obliged friend, Mathew Carey. 
264 3 |a Philadelphia :  |b Printed for the author,  |c [1799] 
300 |a 48 pages ;  |c 21 cm. 
336 |a text  |b txt  |2 rdacontent 
337 |a microform  |b h  |2 rdamedia 
338 |a microfiche  |b he  |2 rdacarrier 
500 |a "Sabin : 10881." 
500 |a "Copied from the original in the Library of Congress." 
533 |a Microfiche.  |b Louisville, [Ky.] :  |c Lost Cause Press,  |d 1977.  |e 2 microfiches : negative ; 11 x 15 cm.  |f ([Bibliotheca Americana. Selected Americana. Microfiche ed. / J. Sabin]) (Fiche book) 
500 |a Microform. 
600 1 0 |a Cobbett, William,  |d 1763-1835. 
651 0 |a United States  |x Politics and government  |y 1797-1801. 
999 |a MARS 
999 f f |s 6a95f171-c9b0-3799-8a36-3f1f4c3a69e4  |i e3af0170-56c2-3730-b804-4fc4127bdfd5  |t 0 
952 f f |p normal  |a Texas A&M University  |b College Station  |c Sterling C. Evans Library  |d Evans: Microforms (3rd floor)  |t 0  |e fiche C 4370  |h Other scheme  |i microform -- microfiche  |m A14821691643 
998 f f |a fiche C 4370  |t 0  |l Evans: Microforms (3rd floor)